El amor es una droga dura
Salvato in:
| Autore principale: | |
|---|---|
| Natura: | Libro |
| Lingua: | Undetermined |
| Pubblicazione: |
Barcelona, España
Editorial Seix Barral
1999
|
| Soggetti: | |
| Tags: |
Aggiungi Tag
Nessun Tag, puoi essere il primo ad aggiungerne!!
|
MARC
| LEADER | 00000nam a2200000Ia 4500 | ||
|---|---|---|---|
| 008 | 170316s9999 xx 000 0 und d | ||
| 040 | |a cru BVZT | ||
| 090 | |a 860 P-27.1a | ||
| 100 | |a Peri Rossi, Cristina | ||
| 245 | |a El amor es una droga dura | ||
| 260 | |a Barcelona, España |b Editorial Seix Barral |c 1999 | ||
| 300 | |a [128] páginas | ||
| 650 | |a LITERATURA LATINOAMERICANA | ||
| 650 | |a NOVELA | ||
| 650 | |a AMOR | ||
| 999 | |c 9088 |d 9088 | ||
| 942 | |c 15 D |h 860 P-27.1a |2 z | ||
